00353nam a2200145Ia 4500008004100000020001500041041001200056082002000068100001700088245004000105250001200145260003000157300000800187650001200195231217s9999 xx 000 0 und d a8185623856 aEnglish a658.076 CHO;10 aChopra, Ravi 0aCAT: Common admission test for IIM a6th ed. c2001bGalgotiaaNew Delhi aD-8 aCAT IIM